Dinámica de la mediación

Salvato in:
Dettagli Bibliografici
Autore principale: Six, Jean-Francois (Autore)
Natura: Libro
Lingua:spagnolo
Pubblicazione: Barcelona Paidós Ibérica 1997
Edizione:1a. ed
Serie:Paidós Mediación, 5
Soggetti:
Tags: Aggiungi Tag
Nessun Tag, puoi essere il primo ad aggiungerne!!

MARC

LEADER 00000cam a2200000 a 4500
001 UCK6827
003 CL-VaPUC
008 051021e19970000SP |||||||||||||||||spa|d
020 |a 8449304377 
082 0 4 |a 303.69  |b SIX  |2 21 
100 0 |a Six, Jean-Francois  |e author  |9 496294 
245 1 0 |a Dinámica de la mediación 
250 |a 1a. ed 
300 |a 227 p 
942 |c BK 
945 |d 20051021 00:00:00  |a cmena 
260 |a Barcelona  |b Paidós Ibérica  |c 1997 
650 0 |a Mediación  |9 338396 
650 0 |a Resolución de conflictos  |9 434922 
650 0 |a Relaciones laborales   |9 335971 
650 0 |a Relaciones interpersonales  |9 307056 
650 0 |a Administración del personal  |9 260442 
583 |a last modification  |c 20170227 12:57:37  |k Rodrigo Vera 
490 0 |a Paidós Mediación, 5 
999 |c 314973  |d 314971 
952 |0 0  |1 0  |4 0  |6 303_690000000000000_SIX_1997  |7 0  |8 A  |9 387832  |a BIBDER  |b BIBDER  |d 2019-11-22  |i 4176464  |o 303.69 SIX 1997  |p 4176464  |r 2023-01-25  |w 2019-11-22  |y BK  |k DER 
952 |0 0  |1 0  |3 erb  |4 0  |6 303_690000000000000_SIX_1997  |7 0  |8 A  |9 387833  |a BIBENE  |b BIBENE  |i 5328993  |o 303.69 SIX 1997  |p 5328993  |r 2025-01-15  |w 2019-11-22  |y BK  |z Catalogado en:20170303  |k ICO